LEADER 04018nam 2200685Ia 450 001 9910457998703321 005 20200520144314.0 010 $a1-282-90618-6 010 $a9786612906183 010 $a0-8213-8277-2 035 $a(CKB)2560000000052939 035 $a(EBL)606017 035 $a(OCoLC)759468853 035 $a(SSID)ssj0000418480 035 $a(PQKBManifestationID)12139264 035 $a(PQKBTitleCode)TC0000418480 035 $a(PQKBWorkID)10377427 035 $a(PQKB)10799551 035 $a(MiAaPQ)EBC606017 035 $a(Au-PeEL)EBL606017 035 $a(CaPaEBR)ebr10430847 035 $a(CaONFJC)MIL290618 035 $a(EXLCZ)992560000000052939 100 $a20100719d2010 uy 0 101 0 $aeng 135 $aur|n|---||||| 181 $ctxt 182 $cc 183 $acr 200 10$aGender-sensitive approaches for the extractive industry in Peru$b[electronic resource] $eimproving the impact on women in poverty and their families /$fby Bernie Ward ; with contributions by John Strongman 210 $aWashington, D.C. $cWorld Bank$d2010 215 $a1 online resource (357 p.) 225 0 $aDirections in development. Energy and mining Gender-sensitive approaches for the extractive industry in Peru 300 $aDescription based upon print version of record. 311 $a0-8213-8208-X 320 $aIncludes bibliographical references and index. 327 $aCover; Half Title Page; Title Page; Copyright; Contents; Preface; Acknowledgments; Abbreviations; Chapter 1: Introduction and Methodology; Chapter 2: The Contribution of Extractive Industries to Sustainable Development in Peru; Chapter 3: Current Practices of Extractive Industry Companies in Peru in Their Interactions with Women Living in Poverty; Chapter 4: The Business Case for Taking Steps to Improve the Development Effect of Extractive Industry Projects on Women; Chapter 5: The Way Forward: Policy and Practice Recommendations 327 $aAppendix A: Benefits and Risks to Women in Peru Arising from Extractive Industry ProjectsAppendix B: Actions That Could Increase the Benefits and Reduce the Risks for Women in Poverty in Extractive Industry Project Areas; Appendix C: Mining Funding Resources; Appendix D: How Women are Mobilizing; Appendix E: Mining and Institutional Evolution in Peru; Appendix F: Ministry of Energy and Mines Guidance; Appendix G: Women and Decision Making in Peru; Appendix H: What is a Gender Approach and How Did it Develop as a Concept?; Appendix I: The Legal Framework in Peru That Supports Work on Gender 327 $aAppendix J: Guidance Note ToolkitAppendix K: Organizations Consoulted; Index; Back Cover 330 $aExtractive Industry projects in Peru impact differently on men and women: men secure more of the benefits and women experience more of the risks. This book presents the current reality in Peru, why improving these development outcomes on women is so important to companies and government, and indicates approaches that government, companies, civil society and communities can take to improve the impacts of extractive industry projects on women a??? and through them the development outcome on the wider family and community. 606 $aMineral industries$xSocial aspects$zPeru 606 $aExternalities (Economics) 606 $aWomen$zPeru$xEconomic conditions 606 $aWomen$zPeru$xSocial conditions 608 $aElectronic books. 615 0$aMineral industries$xSocial aspects 615 0$aExternalities (Economics) 615 0$aWomen$xEconomic conditions. 615 0$aWomen$xSocial conditions. 676 $a331.4/8220985 700 $aWard$b Bernie$f1965-$01043078 701 $aStrongman$b John$f1947-$01043079 712 02$aWorld Bank. 801 0$bMiAaPQ 801 1$bMiAaPQ 801 2$bMiAaPQ 906 $aBOOK 912 $a9910457998703321 996 $aGender-sensitive approaches for the extractive industry in Peru$92467790 997 $aUNINA LEADER 01903nam 2200433Ia 450 001 996386583803316 005 20200824132950.0 035 $a(CKB)1000000000616482 035 $a(EEBO)2240914654 035 $a(OCoLC)ocm33151088e 035 $a(OCoLC)33151088 035 $a(EXLCZ)991000000000616482 100 $a19950918d1551 uy | 101 0 $aeng 135 $aurbn||||a|bb| 200 12$aA proclamacion set furth by the Kynges Maiestie, with the aduise of His Highnes moste honorable counsail, the ix. day of Marche, in the fifth yere of Hys Highnes most prosperous reigne, forbidding the eating of flesh in the tyme of Lent, and other dayes prohibited$b[electronic resource] 210 $a[London?] $cRichardus Grafton typographus Regius excudebat$dM. D. L. [i.e. 1551] 215 $a2 leaves 300 $aContains wood-cut initial. 300 $a"Cum priuilegio ad imprimendum sol[um?]." 300 $aImperfect: faded and with broken type; some loss of text. 300 $aReproduction of original in: Society of Antiquaries. 330 $aeebo-0147 606 $aLent 606 $aFasts and feasts$xChurch of England 606 $aFasts and feasts$zEngland 607 $aGreat Britain$xHistory$yEdward VI, 1547-1553 608 $aBroadsides$zLondon (England)$y16th century.$2rbgenr 615 0$aLent. 615 0$aFasts and feasts$xChurch of England. 615 0$aFasts and feasts 701 $aEdward$cKing of England,$f1537-1553.$01002269 801 0$bEBK 801 1$bEBK 801 2$bWaOLN 906 $aBOOK 912 $a996386583803316 996 $aA proclamacion set furth by the Kynges Maiestie, with the aduise of His Highnes moste honorable counsail, the ix. day of Marche, in the fifth yere of Hys Highnes most prosperous reigne, forbidding the eating of flesh in the tyme of Lent, and other dayes prohibited$92304946 997 $aUNISA